000 00987nam a22003137a 4500
001 BR0903791
003 BR-BrBNA
005 20230928103041.0
007 ta
008 230509b bl.||||| |||| 00| 0 por d
040 _aBR-BrBNA
_bpor
_cBiblioteca Nacional de Agricultura
041 _a(Por)
072 _aH20
_b0210
_b4150
090 _ 0210 BR0903791
100 1 _aCosta, R.R. da
110 1 _aUniversidade Federal de Lavras, MG (Brasil)
_0Tese (Mestrado)
245 1 _aControle da disseminação de vírus por meio de vetores na cultura da batata e caracterização molecular de três isolados atípicos do Potato vírus Y(PVY)
260 3 _aLavras, MG (Brasil):
_c2008.
300 _a54 p.
500 _aSummaries (Eng, Por); Several bibliography; 9 tables
650 _aBATATA
650 _aVÍRUS
650 _aVETOR
650 _aVARIEDADE
650 _aCONTROLE QUÍMICO
650 _aPRODUTIVIDADE
909 _a202309
_bLucia
_c55
_dLucia Elande
942 _cBK
999 _c73508
_d73508